Southville International School and Colleges
Your cart is empty.
  • Cart
  • Lists
    Public lists Eva Luna New books Lux_list list_1
    Your lists Log in to create your own lists
  • Log in to your account
  • Your cookies
  • Search history
Southville International School and Colleges
  • Advanced search
  • Recent comments
  • Most popular
  • Libraries

Log in to your account

Log in with GOOGLE


If you do not have an external account, but do have a local account, you can still log in:

  1. Home
  2. MARC view: Diego and Marie presents a secret sense of home :
Normal view MARC view ISBD view

Diego and Marie presents a secret sense of home : (Record no. 3476)

[ view plain ]
MARC details
000 -LEADER
fixed length control field 00605nam a22001937a 4500
003 - CONTROL NUMBER IDENTIFIER
control field OSt
005 - DATE AND TIME OF LATEST TRANSACTION
control field 20140310181757.0
008 - FIXED-LENGTH DATA ELEMENTS--GENERAL INFORMATION
fixed length control field 130701t xxu||||| |||| 00| 0 eng d
020 ## - INTERNATIONAL STANDARD BOOK NUMBER
International Standard Book Number 9715082858
050 ## - LIBRARY OF CONGRESS CALL NUMBER
Classification number PN 6071
Item number .M199 2006
082 ## - DEWEY DECIMAL CLASSIFICATION NUMBER
Classification number FIL 398.21599
Item number M27 2006
100 ## - MAIN ENTRY--PERSONAL NAME
Personal name Magnuson, Robert
245 ## - TITLE STATEMENT
Title Diego and Marie presents a secret sense of home :
Statement of responsibility, etc Robert Magnuson.
Remainder of title an early science adventure /
260 ## - PUBLICATION, DISTRIBUTION, ETC. (IMPRINT)
Place of publication, distribution, etc Quezon City, Philippines :
Name of publisher, distributor, etc Adarna House,
Date of publication, distribution, etc 2006.
300 ## - PHYSICAL DESCRIPTION
Extent 28 p. :
Other physical details col. ;
Dimensions 23 cm.
650 ## - SUBJECT ADDED ENTRY--TOPICAL TERM
Topical term or geographic name as entry element Children stories
General subdivision Philippines.
942 ## - ADDED ENTRY ELEMENTS (KOHA)
Source of classification or shelving scheme Library of Congress Classification
Koha item type Books
Holdings
Withdrawn status Lost status Source of classification or shelving scheme Damaged status Home library Current library Shelving location Date acquired Total Checkouts Full call number Barcode Date last seen Date checked out Copy number Price effective from Koha item type
    Library of Congress Classification   Luxembourg Library Luxembourg Library Filipiniana Section 07/01/2013 1 PN 6071 .M199 2006 10015 05/27/2017 05/25/2017 1 07/01/2013 Books

Diego and Marie presents a secret sense of home :

APA

Magnuson R., . (2006). Diego and Marie presents a secret sense of home. Quezon City, Philippines: Adarna House.

Chicago

Magnuson Robert, . 2006. Diego and Marie presents a secret sense of home. Quezon City, Philippines: Adarna House.

Harvard

Magnuson R., . (2006). Diego and Marie presents a secret sense of home. Quezon City, Philippines: Adarna House.

MLA

Magnuson Robert, . Diego and Marie presents a secret sense of home. Quezon City, Philippines: Adarna House. 2006.

  • Place hold
  • Print
  • Cite
  • Add to your cart (remove)
  • Save record
    BIBTEX Dublin Core MARCXML MARC (non-Unicode/MARC-8) MARC (Unicode/UTF-8) MARC (Unicode/UTF-8, Standard) MODS (XML) RIS
  • More searches
    Search for this title in:
    Other Libraries (WorldCat) Other Databases (Google Scholar) Online Stores (Bookfinder.com) Open Library (openlibrary.org)

Exporting to Dublin Core...

SOUTHVILLE LIBRARY

Southville International School and Colleges Library

1281 Tropical Ave. Cor. Luxembourg St., BF Homes International, Las Pinas City

Tel. No. 8256374 / 252358 Loc. 117/146

Powered by Koha